[Event "18th Prague Open-A 2019"]
[Site "Prague"]
[Date "2019.01.17"]
[Round "8"]
[White "Sindler, Michal"]
[Black "Gschnitzer, Oswald"]
[Result "1/2-1/2"]
[WhiteElo "2221"]
[BlackElo "2370"]
[Annotator "NA"]
[PlyCount "109"]
[EventDate "2019.01.11"]
[EventType "swiss"]
[EventCountry "CZE"]
[SourceTitle "playchess.com"]
[Source "ChessBase"]
[SourceQuality "1"]
[TimeControl "40/5400+30:1800+30"]

1. e4 {[%emt 0:09:33]} c5 {[%emt 0:00:00]} 2. Nf3 {[%emt 0:00:05]} Nc6 {[%emt 0:00:00]} 3. Bb5 {[%emt 0:00:17]} d6 {[%emt 0:00:09]} 4. Bxc6+ {[%emt 0:00:17]} bxc6 {[%emt 0:00:04]} 5. O-O {[%emt 0:00:08]} Bg4 {[%emt 0:00:28]} 6. h3 {[%emt 0:01:12]} Bh5 {[%emt 0:00:13]} 7. c3 {[%emt 0:01:08]} Nf6 {[%emt 0:01:59]} 8. Re1 {[%emt 0:09:59]} e6 {[%emt 0:04:00]} 9. d4 {[%emt 0:07:41]} Nd7 {[%emt 0:05:01]} 10. Nbd2 {[%emt 0:12:26]} Be7 {[%emt 0:03:02]} 11. b3 {[%emt 0:09:16]} O-O {[%emt 0:05:37]} 12. Bb2 {[%emt 0:01:43]} d5 {[%emt 0:04:03]} 13. c4 {[%emt 0:04:05]} cxd4 {[%emt 0:12:39]} 14. g4 {[%emt 0:05:23]} Bg6 {[%emt 0:02:07]} 15. Nxd4 {[%emt 0:00:46]} Bc5 {[%emt 0:07:14]} 16. cxd5 {[%emt 0:03:28]} cxd5 {[%emt 0:00:45]} 17. exd5 {[%emt 0:00:47]} exd5 {[%emt 0:04:32]} 18. Qf3 {[%emt 0:05:16]} Nf6 {[%emt 0:11:30]} 19. Nf5 {[%emt 0:03:05]} d4 {[%emt 0:03:33]} 20. Re5 {[%emt 0:03:44]} Rc8 {[%emt 0:10:22]} 21. Nc4 {[%emt 0:01:26]} Re8 {[%emt 0:03:43]} 22. Rd1 {[%emt 0:01:52]} Rxe5 {[%emt 0:03:21]} 23. Nxe5 {[%emt 0:00:15]} Bxf5 {[%emt 0:01:10]} 24. Qxf5 {[%emt 0:00:42]} Rc7 {[%emt 0:02:07]} 25. Nf3 {[%emt 0:03:34]} g6 {[%emt 0:06:22]} 26. Qe5 {[%emt 0:00:49]} Bb6 {[%emt 0:03:54]} 27. Bxd4 {[%emt 0:01:22]} Bxd4 {[%emt 0:03:00]} 28. Rxd4 {[%emt 0:00:08]} Nd7 {[%emt 0:00:23]} 29. Qd6 {[%emt 0:00:46]} Qc8 {[%emt 0:00:32]} 30. Rf4 {[%emt 0:01:47]} Nf8 {[%emt 0:00:57]} 31. Qd5 {[%emt 0:01:31]} Rc1+ {[%emt 0:00:30]} 32. Kg2 {[%emt 0:00:06]} Ne6 {[%emt 0:00:09]} 33. Rc4 {[%emt 0:01:23]} Rxc4 {[%emt 0:00:46]} 34. Qxc4 {[%emt 0:00:07]} Qb7 {[%emt 0:00:32]} 35. Qc1 {[%emt 0:04:08]} g5 {[%emt 0:02:01]} 36. Qe3 {[%emt 0:00:10]} h6 {[%emt 0:00:16]} 37. h4 {[%emt 0:01:45]} Nf4+ {[%emt 0:00:26]} 38. Kh2 {[%emt 0:01:16]} Qc7 {[%emt 0:00:51]} 39. hxg5 {[%emt 0:00:53]} Ne6+ {[%emt 0:00:27]} 40. Kg1 {[%emt 0:00:59]} hxg5 {[%emt 0:00:41]} 41. Nxg5 {[%emt 0:31:38]} Nf4 {[%emt 0:02:40]} 42. Ne4 {[%emt 0:00:00]} Qe5 {[%emt 0:01:45]} 43. Ng3 {[%emt 0:00:00]} Qa1+ {[%emt 0:03:48]} 44. Kh2 {[%emt 0:00:00]} Qf6 {[%emt 0:02:20]} 45. Nf5 {[%emt 0:00:00]} Ne6 {[%emt 0:04:21]} 46. Qxa7 {[%emt 0:00:00]} Qe5+ {[%emt 0:01:27]} 47. Ng3 {[%emt 0:00:00]} Qf4 {[%emt 0:00:58]} 48. Qe3 {[%emt 0:00:00]} Qxg4 {[%emt 0:00:21]} 49. Qe4 {[%emt 0:00:00]} Qd1 {[%emt 0:06:05]} 50. Qe2 {[%emt 0:01:30]} Qd5 {[%emt 0:02:49]} 51. Qg4+ {[%emt 0:00:59]} Kf8 {[%emt 0:00:17]} 52. Qb4+ {[%emt 0:01:51]} Kg8 {[%emt 0:00:42]} 53. Qb8+ {[%emt 0:01:52]} Kg7 {[%emt 0:00:32]} 54. Qb4 {[%emt 0:00:22]} Qf3 {[%emt 0:00:38]} 55. Kg1 {[%emt 0:01:50]} 1/2-1/2

[Event "18th Prague Open-A 2019"]
[Site "Prague"]
[Date "2019.01.17"]
[Round "8"]
[White "Schnabel, Ralf"]
[Black "Szpar, Milosz"]
[Result "0-1"]
[WhiteElo "2206"]
[BlackElo "2339"]
[Annotator "NA"]
[PlyCount "76"]
[EventDate "2019.01.11"]
[EventType "swiss"]
[EventCountry "CZE"]
[SourceTitle "playchess.com"]
[Source "ChessBase"]
[SourceQuality "1"]
[TimeControl "40/5400+30:1800+30"]

1. e4 {[%emt 0:00:00]} c5 {[%emt 0:00:00]} 2. Nf3 {[%emt 0:00:00]} Nc6 {[%emt 0:00:00]} 3. d4 {[%emt 0:00:00]} cxd4 {[%emt 0:00:14]} 4. Nxd4 {[%emt 0:00:00]} Nf6 {[%emt 0:00:15]} 5. Nc3 {[%emt 0:00:01]} e5 {[%emt 0:00:05]} 6. Ndb5 {[%emt 0:00:06]} d6 {[%emt 0:00:08]} 7. Nd5 {[%emt 0:00:50]} Nxd5 {[%emt 0:00:41]} 8. exd5 {[%emt 0:00:04]} Nb8 {[%emt 0:00:12]} 9. c4 {[%emt 0:00:22]} a6 {[%emt 0:00:21]} 10. Nc3 {[%emt 0:00:14]} Be7 {[%emt 0:00:23]} 11. Be2 {[%emt 0:00:20]} O-O {[%emt 0:00:24]} 12. O-O {[%emt 0:00:08]} f5 {[%emt 0:00:21]} 13. a3 {[%emt 0:00:28]} Nd7 {[%emt 0:06:01]} 14. b4 {[%emt 0:00:28]} a5 {[%emt 0:03:49]} 15. Bb2 {[%emt 0:05:07]} b6 {[%emt 0:24:03]} 16. Qb3 {[%emt 0:12:44]} Kh8 {[%emt 0:02:11]} 17. Rae1 {[%emt 0:11:21]} g5 {[%emt 0:02:09]} 18. g3 {[%emt 0:04:17]} Rf6 {[%emt 0:11:16]} 19. f4 {[%emt 0:20:57]} gxf4 {[%emt 0:04:12]} 20. gxf4 {[%emt 0:00:04]} Rh6 {[%emt 0:01:52]} 21. Bf3 {[%emt 0:08:11]} Bf6 {[%emt 0:03:20]} 22. Bg2 {[%emt 0:10:14]} Rg6 {[%emt 0:17:18]} 23. Re2 {[%emt 0:02:41]} exf4 {[%emt 0:01:44]} 24. Rxf4 {[%emt 0:02:53]} Ne5 {[%emt 0:00:23]} 25. Nb5 {[%emt 0:00:54]} axb4 {[%emt 0:03:07]} 26. axb4 {[%emt 0:00:06]} Rg5 {[%emt 0:02:02]} 27. Nd4 {[%emt 0:01:48]} Qc7 {[%emt 0:07:00]} 28. Nc6 {[%emt 0:08:49]} Bb7 {[%emt 0:00:28]} 29. Kf1 {[%emt 0:06:28]} Bxc6 {[%emt 0:02:07]} 30. dxc6 {[%emt 0:00:05]} Rag8 {[%emt 0:00:16]} 31. b5 {[%emt 0:01:19]} Qg7 {[%emt 0:01:04]} 32. Qc2 {[%emt 0:02:51]} Ng4 {[%emt 0:00:36]} 33. Bxf6 {[%emt 0:01:18]} Qxf6 {[%emt 0:00:23]} 34. Ke1 {[%emt 0:00:34]} Ra8 {[%emt 0:03:07]} 35. Qb3 {[%emt 0:01:04]} Qa1+ {[%emt 0:01:03]} 36. Kd2 {[%emt 0:00:38]} Ra2+ {[%emt 0:00:13]} 37. Qc2 {[%emt 0:00:01]} Rxc2+ {[%emt 0:01:30]} 38. Kxc2 {[%emt 0:00:02]} Ne3+ {[%emt 0:01:25]} 0-1

[Event "18th Prague Open-A 2019"]
[Site "Prague"]
[Date "2019.01.18"]
[Round "9"]
[White "Xiang, Zeyu"]
[Black "Postny, Evgeny"]
[Result "1/2-1/2"]
[WhiteElo "2440"]
[BlackElo "2623"]
[Annotator "TA"]
[PlyCount "30"]
[EventDate "2019.01.11"]
[EventType "swiss"]
[EventCountry "CZE"]
[SourceTitle "playchess.com"]
[Source "ChessBase"]
[SourceQuality "1"]

{[%evp 16,17,31,31]} 1. d4 d5 2. c4 dxc4 3. e3 Nf6 4. Bxc4 e6 5. Nf3 a6 6. a4 b6 {D26: Queen's Gambit Accepted: 4 e3 e6 5 Bxc5 c5 sidelines} 7. O-O Bb7 8. Qe2 c5 9. Rd1 {LiveBook: 18 Games} {Predecessor:} Qc7 $146 10. Nc3 Be7 11. Bd2 O-O 12. Rac1 Rd8 13. Bd3 Nc6 14. Ne4 Nxe4 15. Bxe4 a5 {½-½ (56) Sokolov,I (2646)-Edouard,R (2674) Linares 2014} 1/2-1/2

[Event "18th Prague Open-A 2019"]
[Site "Prague"]
[Date "2019.01.18"]
[Round "9"]
[White "Frolov, Artur"]
[Black "Gomes, Mary Ann"]
[Result "1-0"]
[WhiteElo "2430"]
[BlackElo "2296"]
[Annotator "TA"]
[PlyCount "131"]
[EventDate "2019.01.11"]
[EventType "swiss"]
[EventCountry "CZE"]
[SourceTitle "playchess.com"]
[Source "ChessBase"]
[SourceQuality "1"]

{[%evp 18,131,12,2,39,33,25,0,0,0,0,0,6,0,6,14,27,0,0,0,37,0,0,0,0,0,0,0,0,0,0,-44,-44,-43,4,4,4,9,0,10,4,0,0,0,0,0,0,-10,8,0,25,22,72,57,81,34,33,23,23,26,31,14,13,5,36,6,24,10,6,15,37,37,37,0,439,435,418,580,580,580,431,580,580,580,576,575,563,556,508,485,1604,1366,4911,3304,1989,1727,29964,29965,29965,29962,29966,29967,29969,29970,29973,29972,29980,29981,29981,29982,29982,29983,29983,29984,29984,29985]} 1. e4 c5 2. Nf3 d6 3. d4 cxd4 4. Nxd4 Nf6 5. Nc3 a6 6. Be3 e5 7. Nb3 Be6 8. Qd2 Nbd7 {[%cal Bb8d7,Bd7b6,Bb6c4,Bc4e3][%mdl 32]} 9. f3 b5 10. O-O-O Rc8 {B90: Sicilian Najdorf: Unusual White 6th moves, 6 Be3 Ng4 and 6 Be3 e5} (10... h5 11. Nd5 Rc8 12. Qa5 Nxd5 13. exd5 Bf5 14. Bd3 Qxa5 15. Nxa5 g6 16. Kb1 Bh6 17. Bf2 Nf6 18. Rhe1 Bxd3 19. Rxd3 {½-½ (31) Brkic,A (2590)-Jakovenko,D (2746) Batumi 2018}) 11. g4 Nb6 12. Qf2 Nfd7 $1 {The position is equal.} 13. Nd5 Bxd5 14. exd5 Nc4 15. Kb1 Nxe3 16. Qxe3 Be7 17. h4 $146 ({Predecessor:} 17. Bd3 Nb6 18. Bf5 Rb8 {½-½ (39) Navarrete Espi,S (1804)-Moreno Ibanez,M (1922) Granada 2009}) 17... Bxh4 18. f4 $1 {Strongly threatening g5.} Be7 $1 19. Bd3 exf4 20. Qxf4 Ne5 21. Nd4 Bg5 $1 {[%cal Rg5f4]} ({Weaker is} 21... Nxd3 22. Rxd3 h6 23. Nc6 $18) 22. Qe4 g6 23. Nc6 Qf6 $1 24. Rhe1 {[%cal Rc6e5]} O-O $1 25. Nxe5 Qxe5 (25... Rce8 {keeps more tension.} 26. Nd7 Qd8 27. Nxf8 Rxe4 28. Rxe4 Kxf8 29. a4 bxa4 30. Rxa4 a5) 26. Qxe5 dxe5 27. Rxe5 Bf6 28. Re4 Rfd8 29. c4 bxc4 30. Bxc4 Rd6 31. b4 Bg5 32. Bb3 Rb8 33. Kc2 Rb7 34. a3 Rf6 35. Bc4 Rd6 36. Kb3 Kg7 37. Rde1 Bh4 38. R1e2 Bd8 39. Re8 {Bxa6! is the strong threat.} a5 40. b5 h6 41. R2e4 Kf6 42. Ka4 Bb6 43. Rh8 $36 {[%mdl 2048] White has good play.} Re7 44. Rxe7 Kxe7 $14 {[%mdl 4096] Endgame KRB-KRB} 45. Rb8 Rf6 $2 {[%mdl 8192]} (45... Bc7 $11 {and Black is okay.} 46. Rb7 Kd7) 46. Rxb6 $1 $18 Rxb6 47. Kxa5 {KR-KB} Rb8 {And now ...Kd6 would win.} 48. b6 Kd6 49. Kb5 h5 50. gxh5 gxh5 {Threatens to win with ...h4.} 51. a4 h4 52. Bf1 $1 Re8 53. a5 Re1 (53... Re5 $142 54. a6 Rxd5+ 55. Kb4 Rd4+ 56. Ka5 Rd1) 54. Bg2 Rb1+ {[#]} 55. Ka6 $1 {[%cal Ra6a7]} Rb2 56. b7 Kc7 {[#]} 57. d6+ $1 {[%mdl 512] White mates.} Kxd6 58. Ka7 Kc7 59. Ka8 h3 60. Bh1 h2 61. a6 {[%cal Ba5a6,Ba6a7][%mdl 32]} f5 62. a7 Rxb7 63. Bxb7 f4 64. Bf3 Kc8 65. Bh1 Kc7 66. Bb7 {Precision: White = 68%, Black = 54%.} 1-0

[Event "18th Prague Open-A 2019"]
[Site "Prague"]
[Date "2019.01.18"]
[Round "9"]
[White "Liu, Guanchu"]
[Black "Serrano Salvador, Eduardo"]
[Result "0-1"]
[WhiteElo "2425"]
[BlackElo "2282"]
[Annotator "TA"]
[PlyCount "50"]
[EventDate "2019.01.11"]
[EventType "swiss"]
[EventCountry "CZE"]
[SourceTitle "playchess.com"]
[Source "ChessBase"]
[SourceQuality "1"]

{[%evp 19,50,24,24,13,15,0,8,0,21,-9,20,-7,-23,-75,-74,-60,-66,-81,-83,-75,-72,-108,-106,-396,-424,-402,-429,-424,-422,-466,-425,-416,-360]} 1. e4 c5 2. Nf3 e6 3. d4 cxd4 4. Nxd4 Nc6 5. Nc3 Qc7 6. Be3 a6 7. Qd2 Nf6 8. O-O-O Be7 {B48: Sicilian: Taimanov: 5 Nc3 Qc7 6 Be3 a6 without Be2} 9. f3 {[%cal Bf2f3,Bf3f4][%mdl 32]} b5 10. Kb1 h5 {LiveBook: 56 Games. White has an edge.} 11. Bf2 $146 ({Predecessor:} 11. Nxc6 dxc6 12. e5 Nd5 13. Nxd5 cxd5 14. f4 Bd7 15. g3 Rc8 16. Bg2 {1-0 (41) Motylev,A (2656)-Eljanov,P (2723) Yerevan 2014}) 11... Ne5 12. Bg3 h4 13. Bxe5 Qxe5 14. f4 Qc7 15. e5 b4 $1 {[%cal Rb4c3]} 16. exf6 (16. Na4 $11 {keeps the balance.} Nd5 17. Nf5) 16... bxc3 $17 17. fxg7 Rg8 18. Qxc3 Qxc3 19. bxc3 Rxg7 20. Kc1 Bb7 {[#] ...h3 is the strong threat.} 21. Kd2 $2 {[%mdl 8192]} (21. Rg1 $17) 21... h3 $19 {[%cal Bh4h3,Bh3g2][%mdl 32]} 22. Rg1 hxg2 23. Be2 O-O-O 24. Ke3 Rh8 25. Bf3 Rh3 {Precision: White = 13%, Black = 84%.} 0-1

[Event "18th Prague Open-A 2019"]
[Site "Prague"]
[Date "2019.01.18"]
[Round "9"]
[White "Naumkin, Igor"]
[Black "Liu, Zhaoqi"]
[Result "1/2-1/2"]
[WhiteElo "2418"]
[BlackElo "2300"]
[Annotator "TA"]
[PlyCount "165"]
[EventDate "2019.01.11"]
[EventType "swiss"]
[EventCountry "CZE"]
[SourceTitle "playchess.com"]
[Source "ChessBase"]
[SourceQuality "1"]

{[%evp 26,164,40,32,37,24,33,20,21,11,62,54,59,47,164,160,177,159,155,154,121,168,144,137,436,436,506,499,508,347,319,334,333,336,304,212,376,132,316,333,429,357,597,557,571,181,300,298,292,292,292,295,286,275,781,772,1013,47,56,42,48,20,20,20,20,20,20,20,20,20,20,20,20,20,24,8,8,8,8,8,8,8,35,8,8,8,8,8,8,8,8,8,8,8,8,8,8,8,8,0,0,0,8,0,8,8,8,8,8,8,8,8,8,8,8,0,8,8,8,8,8,8,8,0,0,0,0,0,0,0,0,0,0,0,0,0,0,0,0,0,0]} 1. d4 Nf6 2. c4 c5 3. d5 e6 4. Nc3 exd5 5. cxd5 d6 6. e4 g6 7. Nf3 Bg7 8. Be2 O-O 9. O-O Bg4 10. h3 Bxf3 11. Bxf3 a6 12. a4 Nbd7 13. Bf4 Ne8 14. Qd2 {LiveBook: 6 Games. A75: Modern Benoni: Classical: 9...a6 10 a4 Bg4} Qe7 (14... c4 15. Bg5 Bf6 16. Bh6 Ng7 17. Bd1 Nc5 18. a5 Rb8 19. Be3 Qc7 20. Na4 Nxe4 21. Qc2 Qxa5 {0-1 (47) Tonkov,B (2294)-Petrov,M (2488) Sunny Beach 2014}) 15. Rae1 $146 ({Predecessor:} 15. Rfe1 Nc7 16. Be2 Rfe8 17. Bf1 Qf8 18. Bh2 Bd4 19. Kh1 Nf6 20. Bd3 {½-½ (40) Rossolimo,N-Diez del Corral,J Leipzig 1960}) 15... Nc7 16. Be2 {White is slightly better.} Rab8 17. Bg5 f6 (17... Bf6 $11 18. Bh6 Rfe8) 18. Bh4 $14 b5 19. f4 $36 {[%mdl 2048] Black is under pressure.} Qf7 (19... Bh6 $14) 20. e5 dxe5 21. d6 {[%cal Bd5d6,Bd6d7][%mdl 32]} Ne6 {[#]} 22. fxe5 $1 (22. axb5 $6 Bh6 $11) 22... Nxe5 23. axb5 {And now Bg3 would win.} axb5 24. Bxb5 Qb7 $2 {[%mdl 8192]} (24... f5 $16) 25. d7 $18 Kh8 26. Qd6 g5 27. Bg3 Nf4 28. Bxf4 gxf4 29. Rxf4 Rg8 30. Re2 Ra8 $2 (30... Qb6 31. Rd2 Rgd8) 31. Kh2 $2 (31. Rxf6 $18 {is more deadly.} Qb8 32. Qxb8 Raxb8 33. Rf5 (33. Rxe5 Bxf6 34. Re8 Kg7 $16)) 31... Raf8 $2 (31... Qb8 $16 {was worth a try.} 32. Qxb8 Raxb8) 32. Kh1 f5 33. Qe6 Ng6 $2 (33... Qb8 {keeps fighting.} 34. Rf1 (34. Rxf5 Rxf5 35. Qxf5 Rf8 $16) 34... f4) 34. Rxf5 Bxc3 35. Bc6 $2 (35. bxc3 Qxb5 36. Rxf8 Rxf8 {[#]} 37. d8=Q $1 {[%mdl 576] Deflection, Decoy} Rxd8 38. Qf6+ {[%mdl 64] Double Attack} Kg8 39. Qxd8+ Kg7 40. Qc7+ Kh6 41. Re6) 35... Qb6 (35... Qb8 $142) 36. Rxf8 Nxf8 37. Qd6 Nxd7 {Hoping for ...Qa6.} 38. bxc3 ({Weaker is} 38. Qxd7 Qa6 $14) 38... Qb1+ 39. Kh2 Qf1 $2 (39... Qb8 40. Qxb8 Nxb8) 40. Bf3 ({Stronger than} 40. Bxd7 Qxe2 41. Bc6 Qe3 $11) 40... Qc1 41. Qxd7 $2 ({White should play} 41. Re7 $18 Rf8 42. Rxd7 Qf4+ 43. Qxf4 Rxf4 44. Bd5) 41... Qf4+ $14 42. Kg1 Qxf3 $1 {[%mdl 4096] Endgame KQR-KQR} 43. Qd2 {White wants to play c4.} (43. Qg7+ $5 Kxg7 44. gxf3 $14) 43... Qxh3 $1 44. Re5 c4 45. Re4 {Intending Qd4+ and mate.} Qd3 46. Qxd3 cxd3 $11 {KR-KR} 47. Rd4 Rc8 48. Rxd3 Kg7 49. Rf3 Ra8 50. c4 {[%cal Bc3c4,Bc4c5][%mdl 32]} Ra1+ 51. Rf1 Ra2 52. Rc1 Kf6 53. c5 Ke7 54. Kh2 Kd7 {The position is equal.} 55. c6+ Kc7 56. Kg3 Ra6 57. Rh1 Rxc6 58. Rxh7+ Kd8 59. Rf7 Ke8 60. Rf2 Ke7 61. Kh4 Rc8 62. g4 Rh8+ 63. Kg3 Rg8 64. Rf4 Ke6 65. Kh4 {With the idea g5.} Ke5 66. Rf5+ (66. Rb4 {with more complications.} Ke6 67. Rb5 Ra8 68. Rb7 Rg8 69. Rh7) 66... Ke6 $1 67. Kh5 Rh8+ $1 68. Kg5 Rg8+ $1 69. Kf4 Ra8 70. Kg3 Rg8 71. Kh4 Rh8+ 72. Rh5 Ra8 73. Rh7 {Threatens to win with Kh5.} Kf6 74. Kh5 Ra5+ 75. Kh6 {Black must now prevent Rb7.} Rg5 76. Rf7+ Kxf7 77. Kxg5 {White threatens Kh6 and mate. KP-K} Kg7 78. Kf5 {Threatening mate with Kg5.} Kf7 79. g5 {[%cal Bg4g5,Bg5g6,Bg6g7][%mdl 32]} Kg7 80. g6 Kg8 81. Kf6 {g7 would kill now.} Kf8 $2 {[%mdl 8192]} (81... Kh8 82. g7+ Kg8 83. Kg6) 82. g7+ Kg8 83. Kg6 {Accuracy: White = 61%, Black = 58%.} 1/2-1/2

[Event "18th Prague Open-A 2019"]
[Site "Prague"]
[Date "2019.01.18"]
[Round "9"]
[White "Kacharava, Nikolozi"]
[Black "Kozak, Antoni"]
[Result "1-0"]
[WhiteElo "2397"]
[BlackElo "2236"]
[Annotator "TA"]
[PlyCount "119"]
[EventDate "2019.01.11"]
[EventType "swiss"]
[EventCountry "CZE"]
[SourceTitle "playchess.com"]
[Source "ChessBase"]
[SourceQuality "1"]

{[%evp 28,119,63,66,49,58,54,49,61,46,59,40,81,85,103,96,101,93,96,80,109,109,146,139,140,107,101,102,120,113,175,178,162,166,182,152,137,103,103,88,103,96,109,109,166,110,186,110,354,352,364,350,364,364,256,245,404,136,404,412,12797,12812,5189,4626,29955,29961,29956,29967,29972,29963,29969,29970,29970,29971,29970,29972,29972,29973,29982,29983,29983,29976,29976,29976,29977,29978,29980,29980,29989,29990,29992,29993,29994,29990]} 1. e4 c5 2. Nf3 e6 3. d4 cxd4 4. Nxd4 Nc6 5. Nc3 d6 {[%cal Bd7d6,Bd6d5][%mdl 32]} 6. Be3 Nf6 7. f3 Be7 8. Qd2 d5 9. O-O-O O-O 10. Be2 dxe4 {B80: Sicilian Scheveningen: 6 g3 and 6 Be3, including English Attack} 11. Nxc6 bxc6 12. Qxd8 Bxd8 13. Nxe4 Nxe4 14. fxe4 Bb6 15. Bxb6 {LiveBook: 4 Games} axb6 16. a3 Ba6 17. Bxa6 Rxa6 $14 {[%mdl 4096] Endgame KRR-KRR} 18. Rd6 {[#]} b5 $146 19. Re1 e5 20. Re3 f5 21. exf5 Rxf5 22. Re6 Rf2 23. Rg3 ({Of course not} 23. R3xe5 $6 Rxg2 24. Rxb5 Rxa3 $11) 23... Kf7 24. Rxe5 Ra7 25. Rc5 Rf6 26. Rf3 Rxf3 27. gxf3 $16 {KR-KR} Rc7 28. b4 Ke8 (28... Ke6 $16) 29. c4 $1 $18 {[%cal Rc4b5]} bxc4 30. Rxc4 Kd7 31. Rh4 h6 32. Kb2 Kc8 33. Kc3 Rf7 34. f4 Ra7 35. Kb3 Rd7 (35... Rf7 $16 {was necessary.} 36. Rg4 Kc7) 36. Kc4 ({White should try} 36. Rg4 $18) 36... Kb7 (36... Rf7 $16 37. a4 Kb7) 37. a4 (37. f5 $1 $18) 37... Rd2 $2 (37... Rf7 $16 38. Kb3 Rf6) 38. Rg4 g5 {[#]} 39. h4 $1 ({Not} 39. fxg5 hxg5 40. Rxg5 Rc2+ 41. Kd4 Rd2+ 42. Kc3 Rxh2 $16) 39... gxf4 40. Rxf4 Rc2+ 41. Kb3 Rh2 $2 {[#]} (41... Rc1 {was worth a try.} 42. Rf7+ Kb6 43. a5+ Ka6) 42. a5 $2 (42. Rf7+ $1 $18 {is the precise move to win.} Ka6 43. Rf6 Rh3+ 44. Kc4 Rxh4+ 45. Kc5) 42... Ka6 $2 {[%mdl 8192]} (42... h5 $16 {is a better defense.} 43. Kc4 Rc2+ 44. Kd4 Rd2+ 45. Kc5 Rc2+ 46. Rc4 Rg2) 43. Rf6 Rxh4 (43... Kb5 $142 44. Rf5+ (44. Rxh6 Rh3+ 45. Kb2 c5 $18) 44... Ka6) 44. Rxc6+ Kb7 45. Rg6 h5 46. Rh6 {White mates.} Rg4 47. Rxh5 Rg7 48. Ka4 Ka7 49. Rh4 Rf7 50. b5 Rg7 51. Kb4 Rf7 52. a6 Rf1 53. Rh7+ Kb8 54. Ka5 Rf5 55. Rd7 Ka8 56. Kb6 {[%cal Rd7d8]} Rf8 57. Rd5 Rc8 58. Ka5 Rh8 59. b6 Kb8 60. a7+ {Accuracy: White = 60%, Black = 35%.} 1-0

[Event "18th Prague Open-A 2019"]
[Site "Prague"]
[Date "2019.01.18"]
[Round "9"]
[White "Krivonosov, Oleg"]
[Black "Oboladze, Luka"]
[Result "1-0"]
[WhiteElo "2390"]
[BlackElo "2295"]
[Annotator "TA"]
[PlyCount "141"]
[EventDate "2019.01.11"]
[EventType "swiss"]
[EventCountry "CZE"]
[SourceTitle "playchess.com"]
[Source "ChessBase"]
[SourceQuality "1"]

{[%evp 25,141,41,46,44,69,45,52,49,66,32,42,43,68,66,75,11,38,43,40,32,50,47,42,17,15,18,27,16,12,0,0,0,19,34,42,39,31,49,27,0,35,31,47,41,56,66,202,202,189,171,171,127,285,239,255,255,259,259,259,247,247,247,255,240,240,240,240,259,248,240,240,92,240,137,240,137,240,240,240,236,312,240,229,228,613,580,639,589,29944,29946,29945,29947,29948,29949,29945,29946,29945,29946,29947,29949,29948,29950,29948,29947,6613,5608,29963,29965,29963,29965,29955,29958,29959,29959,29971,29972,6609,5604]} 1. Nf3 g6 2. c4 Bg7 3. e4 e5 4. d4 exd4 5. Nxd4 Ne7 6. Nc3 Nbc6 7. Be3 O-O 8. Be2 d6 9. O-O f5 10. Nxc6 Nxc6 11. exf5 Bxf5 12. Qd2 Qd7 13. Rad1 Qf7 {LiveBook: 9 Games} 14. Bf3 {A42: Modern Defence: Averbakh Variation} Kh8 15. Bd5 Qd7 16. b3 {White is slightly better.} Rae8 {[#]} 17. Bxc6 $146 ({Predecessor:} 17. Bh6 Nd8 18. Rfe1 a6 19. Bf3 Bxh6 20. Qxh6 Rxe1+ 21. Rxe1 Re8 22. Rxe8+ Qxe8 {1-0 (90) Aczel,G (2553)-Ostojic,N (2443) Palic 2017}) 17... bxc6 18. c5 Qe7 19. cxd6 cxd6 20. Bd4 (20. Rfe1 $16) 20... Bxd4 21. Qxd4+ {[%mdl 64] Double Attack} Qf6 22. h3 h5 23. Rd2 d5 24. Qxf6+ Rxf6 25. Rc1 Rfe6 26. Kf1 g5 27. Na4 g4 28. h4 Kg7 29. Nc5 R6e7 30. b4 Re5 31. Nb3 Bc8 32. Nc5 Bf5 33. g3 Bc8 34. a4 Bf5 35. Nb3 Rb8 (35... Rc8 $14) 36. Nd4 $18 Be4 37. Nxc6 Rc8 38. b5 (38. Nxe5 Rxc1+ 39. Ke2 Kf6 $11) 38... Bf3 $2 (38... Rf5 $16 39. Ra1 Rf7) 39. Rb1 Re4 40. Nd4 (40. Nxa7 $6 Rc7 $16) 40... Rc4 41. Nxf3 gxf3 {[%mdl 4096] Endgame KRR-KRR} 42. Rd3 Rxa4 43. Rxf3 ({Much less strong is} 43. Rxd5 $6 Reb4) 43... Rab4 44. Ra1 Re7 45. Rfa3 Kf6 46. Rxa7 Rxa7 47. Rxa7 Rxb5 {KR-KR} 48. Ke2 (48. Ra6+ $18 {and White stays clearly on top.} Kg7 49. Rd6) 48... Rb2+ (48... Ke5 $16) 49. Ke3 (49. Kf3 $18) 49... Rb3+ (49... Ke5 $16 {was necessary.}) 50. Kd4 (50. Kf4 $1 $18) 50... Rb2 (50... Rb4+ $16 51. Kxd5 Rb2) 51. Ra8 Kg7 {[#]} 52. Ke3 $1 Kf6 53. Rh8 Rb3+ 54. Kd4 Rb2 $2 (54... Kg6 55. Rf8 (55. Kxd5 Rf3 $14) 55... Rb5) 55. Rh6+ Kg7 56. Rxh5 Rxf2 57. Rxd5 Rf3 58. Rg5+ Kh6 59. Ke4 ({Weaker is} 59. g4 Rf4+ 60. Ke3 Ra4 $18) 59... Ra3 60. Kf4 Ra4+ 61. Kf3 Ra3+ 62. Kg4 Ra4+ {[#]} 63. Kh3 $1 Ra3 64. Re5 Kg6 65. h5+ {[%cal Bh4h5,Bh5h6][%mdl 32]} Kh6 66. Kh4 Ra1 67. Re6+ Kg7 68. g4 {[%cal Bg3g4,Bg4g5][%mdl 32]} Ra4 69. h6+ Kh7 70. Kh5 Ra5+ 71. g5 {Accuracy: White = 68%, Black = 41%.} 1-0

[Event "18th Prague Open-A 2019"]
[Site "Prague"]
[Date "2019.01.18"]
[Round "9"]
[White "Zhang, Ziji"]
[Black "Wang, Yiye"]
[Result "1/2-1/2"]
[WhiteElo "2387"]
[BlackElo "2443"]
[Annotator "TA"]
[PlyCount "31"]
[EventDate "2019.01.11"]
[EventType "swiss"]
[EventCountry "CZE"]
[SourceTitle "playchess.com"]
[Source "ChessBase"]
[SourceQuality "1"]

{[%evp 30,31,0,-7]} 1. d4 d5 2. c4 c6 3. cxd5 cxd5 4. Nc3 Nc6 5. Nf3 Nf6 6. Bf4 Bf5 7. e3 e6 8. Bd3 Bxd3 9. Qxd3 Bd6 10. Bxd6 Qxd6 11. O-O O-O 12. Rfc1 Rfc8 13. Nb5 (13. h3 h6 14. Nd2 Nd7 15. Ne2 Ne7 {½-½ (15) Bu,X (2725)-Duda,J (2724) Liaocheng 2018}) 13... Qd8 14. Nc3 Qd6 $146 ({Predecessor:} 14... h6 15. h3 Rc7 16. Nb5 Rcc8 17. Nc3 Rc7 18. Nb5 {½-½ (18) Pushin,V (2349)-Smirnov,A (2405) Izhevsk 2013}) 15. Nb5 {D14: Slav Defence: Exchange variation with ...Bf5} Qd8 16. Nc3 {LiveBook: 3 Games} 1/2-1/2